Statistics for Yugoslav Republics - Flag Quiz

Click here to take the quiz!

General Stats

  • This quiz has been taken 335 times
  • The average score is 5 of 6

Answer Stats

Answer% Correct
Serbia
100%
Croatia
94%
Bosnia and Herzegovina
87%
Slovenia
84%
Macedonia
77%
Montenegro
74%

Score Distribution

Percentile by Number Answered

Percent of People with Each Score

Your Score History

You have not taken this quiz